<?xml version="1.0" encoding="UTF-8"?><?xml-stylesheet type="text/xsl" href="static/style.xsl"?><OAI-PMH xmlns="http://www.openarchives.org/OAI/2.0/" xmlns:xsi="http://www.w3.org/2001/XMLSchema-instance" xsi:schemaLocation="http://www.openarchives.org/OAI/2.0/ http://www.openarchives.org/OAI/2.0/OAI-PMH.xsd"><responseDate>2026-04-14T04:31:41Z</responseDate><request verb="GetRecord" identifier="oai:www.recercat.cat:20.500.12327/4308" metadataPrefix="marc">https://recercat.cat/oai/request</request><GetRecord><record><header><identifier>oai:recercat.cat:20.500.12327/4308</identifier><datestamp>2025-10-23T19:26:43Z</datestamp><setSpec>com_2072_4428</setSpec><setSpec>com_2072_4427</setSpec><setSpec>col_2072_487896</setSpec></header><metadata><record xmlns="http://www.loc.gov/MARC21/slim" xmlns:dcterms="http://purl.org/dc/terms/" xmlns:xsi="http://www.w3.org/2001/XMLSchema-instance" xmlns:doc="http://www.lyncode.com/xoai" xsi:schemaLocation="http://www.loc.gov/MARC21/slim http://www.loc.gov/standards/marcxml/schema/MARC21slim.xsd">
   <leader>00925njm 22002777a 4500</leader>
   <datafield ind2=" " ind1=" " tag="042">
      <subfield code="a">dc</subfield>
   </datafield>
   <datafield ind2=" " ind1=" " tag="720">
      <subfield code="a">Alegre Castellví, Simó</subfield>
      <subfield code="e">author</subfield>
   </datafield>
   <datafield ind2=" " ind1=" " tag="720">
      <subfield code="a">Casals, M.</subfield>
      <subfield code="e">author</subfield>
   </datafield>
   <datafield ind2=" " ind1=" " tag="260">
      <subfield code="c">2006-10-25</subfield>
   </datafield>
   <datafield ind2=" " ind1=" " tag="520">
      <subfield code="a">Estudis de mercat indiquen que la millora de la qualitat de les pomes és un dels factors que més influència poden tenir per estimular la demana dels consumidors (Harker, 2001; Harker et al, 2003). En aquest sentit, millorar la qualitat del producte implica oferir al consumidor el producte que ell desitja d’acord amb les seves preferències gustatives. No obstant, és obvi que no existeix un producte que pugui satisfer al 100% de la població, sinó grups de consumidors amb unes preferències gustatives diferenciades. Identificar els grups de consumidors que responen positivament a uns atributs sensorials específics, permet dirigir el producte d’unes característiques qualitatives determinades al segment de mercat adequat per satisfer les expectatives del consumidor.
Sabent que les característiques organolèptiques dels fruits en el moment del seu consum depenen en gran part de l’estat de maduresa del fruit en el moment de collita, es va plantejar un estudi amb la finalitat de definir un criteri racional de collita per a pomes del grup ‘Gala’ i ‘Golden’ en base a les preferències gustatives del consumidor1. Per a cada varietat, es van plantejar 2 objectius:
1. Identificar i quantificar els segments de població amb preferències gustatives diferenciades.
2. Determinar els paràmetres de qualitat que cal tenir en compte i els seus valors òptims a collita per satisfer el consumidor de poma ‘Gala’ i ‘Golden’ després d’un període de llarga conservació.</subfield>
   </datafield>
   <datafield ind1="8" ind2=" " tag="024">
      <subfield code="a">Alegre, S.; Casals, M. "Criteris de collita per poma Gala i Golden: l’opinió del consumidor". En: Jornada Fructícola (11ena: 2006: Lleida)</subfield>
   </datafield>
   <datafield ind1="8" ind2=" " tag="024">
      <subfield code="a">http://hdl.handle.net/20.500.12327/4308</subfield>
   </datafield>
   <datafield tag="653" ind2=" " ind1=" ">
      <subfield code="a">Pomes -- Qualitat</subfield>
   </datafield>
   <datafield tag="653" ind2=" " ind1=" ">
      <subfield code="a">Pomes -- Varietats</subfield>
   </datafield>
   <datafield ind2="0" ind1="0" tag="245">
      <subfield code="a">Criteris de collita per poma Gala i Golden: l’opinió del consumidor</subfield>
   </datafield>
</record></metadata></record></GetRecord></OAI-PMH>